00911nam a2200217 a 450000100100000000500170001000800410002702000150006804000250008308200130010810000260012124500950014726000790024230000280032149000290034950000730037850000760045183000380052795201110056599900170067600004313820201002040651.0140220s1989 ag a 000 0 spa d a9509947024 aDO-SdBNPbspacBNPHU axxxbxxx1 aFraga, Rosendo97069213aLa cuestion militar :b1987-1989 /cRosendo Fraga con la colaboración de Valeria Leslie. aBuenos Aires :bCentro de Estudios Unión para la Nueva Mayoría,c1989. a191 p. :bil. ;c23 cm.1 aAnálisis políticov3 aIncluye referencias bibliográficas y notas al pie de las páginas aIncluye datos biográficos del autor en la solapa de la contracubierta 0aAnálisis político ;n3970693 001050718MOaGRbGRcHDd2014-02-20iLF1l0oxxx xxxp43138-10r2020-06-25w2020-06-25y1ZNo se presta c42627d42627